000 00459nam a2200193Ia 4500
005 20250425161735.0
008 250425s9999 xx 000 0 und d
041 _aspa
082 _a808.831
100 _aGALLEGOS LARA, JOAQUIN
245 0 _aLA ULTIMA ERRANZA: TODOS LOS CUENTOS
250 _a1A ED.
260 _aEcuador
_bEL CONEJO
_c1985
260 _aQUITO
300 _a168
650 _aCUENTOS ECUATORIANOS
942 _c01
010 _a27034
999 _c215137
_d215137